000 00480nam a2200157 4500
001 140559
003 ES-MaACL
007 t|
008 070214s1970 mx r ||||1| spa d
100 1 _aSears, Paul B.
_9104996
245 1 0 _aDonde hay vida /
_cPaul B. Sears ; versión de Francisco Calva Pellicer.
260 _aMéxico :
_bRoble,
_c1970.
300 _a252 p., 4 lám. :
_bil. ;
_c20 cm.
700 1 _aCalva Pellicer, Francisco.
_933793
852 _aES-MaACL
_jE-9257
_bR.93775
999 _c140559
_d140559